01191nac a22003137a 4500001001000000003000900010005001700019008003400036040005400070072000800124090001900132100002000151100002100171110007600192245007400268246007500342260003400417300000900451490010900460650001600569650001800585650001000603650001400613650002100627909004700648942001700695999001900712952014600731BR8600984BR-BrBNA20240105120402.0230509b bl.|||m| |||| 00| 0 por d aBR-BrBNAbporcBiblioteca Nacional de Agricultura aH20 a2480 BR86009841 aPereira, J.C.R.1 aSantos, A.F. dos1 aCentro Nacional de Pesquisa da Seringueira e Dende, Manaus, AM (Brasil)1 aControle quimico do mojo-cinzento do painel de sangria da seringueira1 a[Chemical control of gray mould of the bleeding panel of rubber plant]3 aManaus, AM (Brasil): c1985.  a4 p. aComunicado Tecnico - Centro Nacional de Pesquisa da Seringueira e Dende (Brazil)vno. 46xISSN 0101-2118 aSERINGUEIRA aMOFO CINZENTO aFUNGO aFUNGICIDA aCONTROLE QUIMICO a202312bLúcia Elandec55dLúcia Elande 2AGRISn0cMS c279176d279176 002AGRIS40708Acervo Gerala41918b41918cAGROBASEl0o2480 BR8600984p2480 BR8600984r2023-12-18yMSePortaria Interministerial nº 164/94